000
00312nam a22001337a 4500
008
181217b xxu||||| |||| 00| 0 eng d
020
_a
9781416038542
041
_a
eng
080
_2
5th
_a
611
100
_a
7
101
_a
ANA
245
_a
Physical Examination & Health Assessment
_c
Jarvis,C
942
_2
udc
_c
BK
999
_c
53200
_d
53200